00461nam a2200157Ia 4500001000500000005001700005008004100022041000800063082001500071100003100086245013300117260000900250300002800259650000800287654000800295940320260306161716.0260306t2010||||xx |||||||||||||| ||spa|| aESP a378.4bS21 aSantelices, BernabéeAUT 0aEl rol de las universidades en el desarrollo científico y tecnológico:beducación superior en Iberoamérica. Informe 2010 c2010 a241 páginas :c28 cm. aGEN aCED